| 000 | 00530nam a2200145Ia 4500 | ||
|---|---|---|---|
| 008 | 170221s9999 xx 000 0 und d | ||
| 100 | _aMohd Haniff Jedin, Norsafinas Md Saad | ||
| 245 | _aEffective Relationship Engagement in the Post-Integration of Mergers and Acquisitions | ||
| 245 | _cMohd Haniff Jedin, Norsafinas Md Saad | ||
| 260 | _bInternational Review of Management and Marketing | ||
| 260 | _c2016 | ||
| 300 | _a6 : 7S | ||
| 650 | _xMarketing. | ||
| 856 | _uhttp://www.econjournals.com/index.php/irmm/issue/view/91 | ||
| 999 |
_c308218 _d308218 |
||